[Event "BAN-chT Premier"]
[Site "Dhaka"]
[Date "2022.12.08"]
[Round "9.3"]
[White "Abdul, Momin"]
[Black "Harsha, Bharathakoti"]
[Result "0-1"]
[WhiteElo "1900"]
[BlackElo "2582"]
[PlyCount "68"]
[EventDate "2022.11.30"]
[EventType "team-tourn"]
[EventRounds "11"]
[EventCountry "BAN"]
[SourceTitle "CBM 211 Extra"]
[Source "ChessBase"]
[SourceDate "2023.01.31"]
[SourceVersion "1"]
[SourceVersionDate "2023.01.31"]
[SourceQuality "1"]
[WhiteTeam "Sultana Kamal Smirity Pathagar"]
[BlackTeam "Bangladesh Police"]
[WhiteTeamCountry "BAN"]
[BlackTeamCountry "BAN"]

1. e4 c5 2. Nf3 Nc6 3. d4 cxd4 4. Nxd4 Qb6 5. Nb3 Nf6 6. Nc3 e6 7. Be3 Qc7 8. a3 a6 9. Be2 d6 10. a4 b6 11. Qd2 Be7 12. 0-0 0-0 13. Rfd1 Rb8 14. Qe1 Rd8 15. Bf4 Bb7 16. Rac1 Ne5 17. f3 d5 18. exd5 Nxf3+ 19. Bxf3 Qxf4 20. Rd3 Bb4 21. dxe6 Rxd3 22. exf7+ Kxf7 23. cxd3 Bd6 24. Ne4 Qxh2+ 25. Kf1 Re8 26. Qf2 Bxe4 27. Bxe4 Kg8 28. Qxb6 Nxe4 29. dxe4 Rf8+ 30. Ke2 Qxg2+ 31. Kd3 Qf3+ 32. Qe3 Qxe3+ 33. Kxe3 Bf4+ 34. Kd4 Rd8+ 0-1

[Event "BAN-chT Premier"]
[Site "Dhaka"]
[Date "2022.12.02"]
[Round "3.3"]
[White "Iniyan, Panneerseluam"]
[Black "Abdul, Momin"]
[Result "1-0"]
[WhiteElo "2534"]
[BlackElo "1900"]
[PlyCount "63"]
[EventDate "2022.11.30"]
[EventType "team-tourn"]
[EventRounds "11"]
[EventCountry "BAN"]
[SourceTitle "CBM 211 Extra"]
[Source "ChessBase"]
[SourceDate "2023.01.31"]
[SourceVersion "1"]
[SourceVersionDate "2023.01.31"]
[SourceQuality "1"]
[WhiteTeam "Manha's Castle"]
[BlackTeam "Sultana Kamal Smirity Pathagar"]
[WhiteTeamCountry "BAN"]
[BlackTeamCountry "BAN"]

1. d4 d5 2. c4 e6 3. Nc3 Nf6 4. cxd5 exd5 5. Bg5 Be7 6. e3 Nbd7 7. Bd3 a6 8. Nf3 c5 9. Bc2 c4 10. Ne5 Qc7 11. Nxd7 Qxd7 12. Bxf6 Bxf6 13. Qf3 b5 14. Nxd5 Bb7 15. Nxf6+ gxf6 16. Qxf6 Rg8 17. Rg1 Rxg2 18. Rxg2 Bxg2 19. f3 Rd8 20. Kf2 Bh3 21. Rg1 Qe7 22. Qc6+ Qd7 23. Rg8+ Ke7 24. Qc5+ Qd6 25. Qg5+ f6 26. Qg7+ Ke6 27. Rxd8 Qxh2+ 28. Ke1 Qh1+ 29. Kd2 Qh2+ 30. Kc1 Qh1+ 31. Bd1 Kf5 32. Rd5+ 1-0

[Event "Dhaka Chowdhury Memorial op-B 2nd"]
[Site "Dhaka"]
[Date "2022.07.06"]
[Round "6"]
[White "Abdul, Momin"]
[Black "Bappi, Ab"]
[Result "1-0"]
[WhiteElo "1915"]
[BlackElo "1839"]
[PlyCount "58"]
[EventDate "2022.07.02"]
[EventType "swiss"]
[EventRounds "9"]
[EventCountry "BAN"]
[SourceTitle "EXT 2023"]
[Source "ChessBase"]
[SourceDate "2022.10.05"]
[SourceVersion "1"]
[SourceVersionDate "2022.10.05"]
[SourceQuality "1"]

1. e4 c6 2. d4 d5 3. Nc3 e6 4. Nh3 h6 5. Be2 dxe4 6. Nxe4 Nf6 7. Nxf6+ Qxf6 8. Bf4 Qd8 9. Bc4 Nd7 10. 0-0 Nf6 11. Be5 Bd6 12. Qf3 0-0 13. Bxf6 Qxf6 14. Qxf6 gxf6 15. f4 f5 16. g3 Kg7 17. Nf2 a5 18. a4 Bd7 19. Rfe1 Rfc8 20. Bf1 Rg8 21. Nd3 Rad8 22. Bg2 h5 23. Bf3 Kh6 24. Kf2 h4 25. gxh4 Be7 26. Rg1 Bxh4+ 27. Ke3 Bf6 28. Ne5 Bxe5 29. Rxg8 Rxg8 1-0

[Event "Dhaka Chowdhury Memorial op-B 2nd"]
[Site "Dhaka"]
[Date "2022.07.03"]
[Round "2"]
[White "Abdul, Momin"]
[Black "Jodunath, Biswas"]
[Result "1-0"]
[WhiteElo "1915"]
[BlackElo "1743"]
[PlyCount "99"]
[EventDate "2022.07.02"]
[EventType "swiss"]
[EventRounds "9"]
[EventCountry "BAN"]
[SourceTitle "EXT 2023"]
[Source "ChessBase"]
[SourceDate "2022.10.05"]
[SourceVersion "1"]
[SourceVersionDate "2022.10.05"]
[SourceQuality "1"]

1. e4 e6 2. d4 d5 3. e5 c5 4. c3 Ne7 5. Na3 Nec6 6. Nc2 b6 7. Nf3 Ba6 8. Bxa6 Nxa6 9. 0-0 Be7 10. b3 Nab8 11. Ne3 Nd7 12. Bb2 Nf8 13. c4 cxd4 14. Nxd4 Nxd4 15. Qxd4 dxc4 16. Qxc4 Rc8 17. Qg4 Ng6 18. Rfd1 Qc7 19. Rac1 Qb7 20. Qa4+ Kf8 21. Rxc8+ Qxc8 22. Qxa7 h6 23. Qxb6 Kg8 24. a4 Kh7 25. g3 Bc5 26. Qa5 Bxe3 27. fxe3 Qc2 28. Qd2 Qxb3 29. a5 Rb8 30. Bd4 Rd8 31. Ra1 Nxe5 32. Qg2 Qd3 33. Bb6 Rc8 34. Qf1 Qe4 35. Qf4 Nf3+ 36. Kh1 Qxf4 37. exf4 Nd2 38. a6 Nc4 39. Bd4 Nd6 40. a7 Nb5 41. Bb6 Nxa7 42. Bxa7 h5 43. Kg2 Kg6 44. h3 f6 45. Ra6 Rc2+ 46. Bf2 Kf5 47. Kf3 Rc3+ 48. Be3 g5 49. g4+ hxg4+ 50. hxg4+ 1-0

[Event "BAN-chT 1st League"]
[Site "Dhaka"]
[Date "2022.03.20"]
[Round "11.3"]
[White "Abdul, Momin"]
[Black "Md Jamal, Uddin"]
[Result "0-1"]
[WhiteElo "1925"]
[BlackElo "2082"]
[PlyCount "78"]
[EventDate "2022.03.10"]
[EventType "team-tourn"]
[EventRounds "11"]
[EventCountry "BAN"]
[SourceTitle "EXT 2023"]
[Source "ChessBase"]
[SourceDate "2022.10.05"]
[SourceVersion "1"]
[SourceVersionDate "2022.10.05"]
[SourceQuality "1"]
[WhiteTeam "Khelaghor Daba Sangah"]
[BlackTeam "Sultana Kamal Smirity Pathagar"]
[WhiteTeamCountry "BAN"]
[BlackTeamCountry "BAN"]

1. e4 c5 2. Nf3 Nc6 3. d4 cxd4 4. Nxd4 Qb6 5. Nxc6 dxc6 6. Nc3 Nf6 7. Be2 e5 8. 0-0 Be6 9. a3 Rd8 10. Qe1 Be7 11. h3 0-0 12. Rb1 a5 13. Bd2 Qc7 14. Na4 Ra8 15. Be3 b5 16. Nc5 Bc8 17. f3 Re8 18. c4 b4 19. Qf2 Nh5 20. Rfd1 Nf4 21. Bf1 Rb8 22. a4 Ne6 23. b3 Nd4 24. Nd3 c5 25. Qg3 f6 26. Rd2 Be6 27. Nf2 Rbd8 28. Ng4 Kh8 29. Kh1 Bd6 30. Qh4 f5 31. exf5 Nxf5 32. Qe1 e4 33. Bg5 Rd7 34. Bh4 Bg3 35. Bxg3 Nxg3+ 36. Kg1 exf3 37. gxf3 h5 38. Nf2 Nxf1 39. Rxd7 Qg3+ 0-1

[Event "BAN-chB 46th"]
[Site "Dhaka"]
[Date "2021.12.18"]
[Round "4"]
[White "Abdul, Momin"]
[Black "Subrota, Biswas"]
[Result "1-0"]
[WhiteElo "2063"]
[BlackElo "2199"]
[PlyCount "105"]
[EventDate "2021.12.15"]
[EventType "swiss"]
[EventRounds "9"]
[EventCountry "BAN"]
[SourceTitle "CBM 206 Extra"]
[Source "ChessBase"]
[SourceDate "2022.03.31"]
[SourceVersion "1"]
[SourceVersionDate "2022.03.31"]
[SourceQuality "1"]

1. e4 e6 2. d4 d5 3. e5 c5 4. c3 Nc6 5. Nf3 Bd7 6. Be2 Nge7 7. Na3 cxd4 8. cxd4 Nf5 9. Nc2 Qb6 10. g4 Nfe7 11. h4 Rc8 12. Bd3 Nb4 13. Nxb4 Qxb4+ 14. Kf1 Bb5 15. a3 Bxd3+ 16. Qxd3 Qc4 17. Qxc4 dxc4 18. Bd2 h5 19. g5 Nd5 20. Ke2 Kd7 21. Rhc1 b5 22. Nh2 Be7 23. Nf1 f6 24. Ng3 fxe5 25. dxe5 Rhf8 26. Nxh5 Rf5 27. f4 Rh8 28. Nxg7 Rxf4 29. Bxf4 Nxf4+ 30. Kf3 Nd3 31. Rh1 Rh7 32. Nxe6 Kxe6 33. Raf1 Rg7 34. Ke4 Nxb2 35. Rf6+ Bxf6 36. exf6 Rg8 37. Rf1 Rh8 38. f7 Ke7 39. g6 Kf8 40. h5 Kg7 41. Kd4 Rf8 42. Rg1 Rh8 43. Re1 Rxh5 44. Re8 Rf5 45. Rg8+ Kh6 46. f8Q+ Rxf8 47. Rxf8 a5 48. Rg8 Nd3 49. Ke4 b4 50. axb4 axb4 51. Kf5 Nc5 52. Rh8+ Kg7 53. Rh7+ 1-0

[Event "BAN-chB 46th"]
[Site "Dhaka"]
[Date "2021.12.16"]
[Round "2"]
[White "Abdul, Momin"]
[Black "Sakline Mostafa, Sajid"]
[Result "1/2-1/2"]
[WhiteElo "2063"]
[BlackElo "1962"]
[PlyCount "102"]
[EventDate "2021.12.15"]
[EventType "swiss"]
[EventRounds "9"]
[EventCountry "BAN"]
[SourceTitle "CBM 206 Extra"]
[Source "ChessBase"]
[SourceDate "2022.03.31"]
[SourceVersion "1"]
[SourceVersionDate "2022.03.31"]
[SourceQuality "1"]

1. e4 c5 2. Nf3 Nc6 3. d4 cxd4 4. Nxd4 Nf6 5. Nc3 e6 6. Be2 Bb4 7. Nxc6 bxc6 8. Qd3 d5 9. exd5 exd5 10. 0-0 0-0 11. Bg5 Be7 12. Rfe1 d4 13. Na4 Qa5 14. Bf3 Be6 15. Bxf6 Bxf6 16. Bxc6 Rac8 17. Rxe6 fxe6 18. Bd7 Rc7 19. Bxe6+ Kh8 20. b3 Re8 21. Bf5 Rxc2 22. Rf1 Rd2 23. Qh3 h6 24. Qh5 Re5 25. g4 Rde2 26. Qg6 Rxf5 27. Qxf5 Qxf5 28. gxf5 Rxa2 29. Nc5 Ra5 30. b4 Rb5 31. Ra1 Rxb4 32. Rxa7 Rb5 33. Rc7 h5 34. h3 d3 35. Nxd3 Rxf5 36. Kg2 Kh7 37. Rc4 Kh6 38. Rc5 Rxc5 39. Nxc5 Kg6 40. Kf3 Kf5 41. Ne4 Be5 42. Nd2 g5 43. Nf1 g4+ 44. Kg2 gxh3+ 45. Kxh3 Bd4 46. f3 Kf4 47. Kg2 Be5 48. Ng3 h4 49. Ne2+ Ke3 50. Ng1 Bd6 51. Kh3 Kf2 1/2-1/2

[Event "Dhaka Walton op"]
[Site "Dhaka"]
[Date "2021.06.16"]
[Round "2"]
[White "Abdul, Momin"]
[Black "Mohammad, Minhaz Uddin"]
[Result "0-1"]
[WhiteElo "1937"]
[BlackElo "2278"]
[PlyCount "104"]
[EventDate "2021.06.15"]
[EventType "swiss"]
[EventRounds "9"]
[EventCountry "BAN"]
[SourceTitle "EXT 2022"]
[Source "ChessBase"]
[SourceDate "2021.10.06"]
[SourceVersion "1"]
[SourceVersionDate "2021.10.06"]
[SourceQuality "1"]

1. e4 e5 2. Nf3 Nf6 3. Nxe5 d6 4. Nf3 Nxe4 5. d4 d5 6. Bd3 Nc6 7. 0-0 Be7 8. c4 Nb4 9. Nc3 Nxd3 10. Qxd3 Bf5 11. cxd5 Ng3 12. Qb5+ Bd7 13. Qxb7 Nxf1 14. Kxf1 Qb8 15. Qxb8+ Rxb8 16. Ne5 f6 17. Nxd7 Kxd7 18. Ke2 Bd6 19. b3 Bxh2 20. g3 h5 21. Kf3 h4 22. Kg2 hxg3 23. fxg3 Rh5 24. Be3 Re8 25. Bf2 f5 26. Rh1 Reh8 27. Be3 g5 28. Bc1 a6 29. Ba3 Bxg3 30. Rxh5 Rxh5 31. Kxg3 f4+ 32. Kg2 g4 33. Ne4 Kc8 34. d6 Ra5 35. Bc5 Rxa2+ 36. Kf1 Ra1+ 37. Kf2 Ra2+ 38. Kf1 g3 39. Kg1 f3 40. Nxg3 Rg2+ 41. Kf1 Rxg3 42. Kf2 Rh3 43. b4 Kd7 44. dxc7 Kxc7 45. Ke3 Kc6 46. Ke4 Kb5 47. Ke3 Kc4 48. Kf2 Kd3 49. d5 Ke4 50. d6 Rh7 51. Bb6 Rf7 52. Bd8 Rd7 0-1

[Event "BAN Games 9th"]
[Site "Dhaka"]
[Date "2021.04.06"]
[Round "3.2"]
[White "Md Akik, Miha"]
[Black "Abdul, Momin"]
[Result "1/2-1/2"]
[WhiteElo "1720"]
[BlackElo "1944"]
[PlyCount "151"]
[EventDate "2021.04.04"]
[EventType "team-swiss"]
[EventRounds "5"]
[EventCountry "BAN"]
[SourceTitle "CBM 202 Extra"]
[Source "ChessBase"]
[SourceDate "2021.07.31"]
[SourceVersion "1"]
[SourceVersionDate "2021.07.31"]
[SourceQuality "1"]
[WhiteTeam "Sylhet Division"]
[BlackTeam "Rajshahi Division"]
[WhiteTeamCountry "BAN"]
[BlackTeamCountry "BAN"]

1. e4 c5 2. Nf3 e6 3. c3 Nf6 4. d3 Nc6 5. Bg5 Be7 6. Be2 Qc7 7. h3 b6 8. Na3 a6 9. 0-0 Bb7 10. Nc2 0-0 11. Re1 d5 12. Bxf6 Bxf6 13. exd5 exd5 14. d4 Ne7 15. Qd2 Ng6 16. Bf1 Rfe8 17. Rxe8+ Rxe8 18. Re1 Rxe1 19. Qxe1 Nf8 20. Qe3 Ne6 21. a3 h6 22. g3 Qc6 23. b4 cxb4 24. axb4 a5 25. b5 Qd6 26. Bd3 Bc8 27. Kg2 Bd7 28. Qc1 Nc7 29. Qb2 Qe6 30. g4 Qe8 31. Na3 Be7 32. Ne5 Bxa3 33. Qxa3 Bxb5 34. Bb1 Ne6 35. Qb2 a4 36. Kg3 Nf8 37. Ba2 Bc4 38. Bxc4 dxc4 39. Qxb6 Qa8 40. Qb2 Ng6 41. Nxc4 Qd8 42. Ne3 Qd6+ 43. Kf3 Qh2 44. Qa3 Qxh3+ 45. Ke4 Qh1+ 46. Kd3 Nf4+ 47. Kc4 Qc6+ 48. Qc5 Qa6+ 49. Qb5 Qa8 50. Nc2 a3 51. Nxa3 Qc8+ 52. Kb3 Qxg4 53. Qe8+ Kh7 54. Qxf7 Qd1+ 55. Kb4 Nd3+ 56. Ka5 Qd2 57. Nb5 Qxf2 58. Qxf2 Nxf2 59. c4 g5 60. c5 g4 61. Nc3 g3 62. Ne2 g2 63. d5 Nd3 64. c6 Nf4 65. c7 Nxe2 66. c8Q g1Q 67. Qc2+ Kg7 68. Qxe2 Qc5+ 69. Qb5 Qa3+ 70. Kb6 h5 71. Qd7+ Kf6 72. Qe6+ Kg5 73. d6 Qb4+ 74. Kc7 Qa5+ 75. Kd7 h4 76. Ke7 1/2-1/2

[Event "BAN Games Rapid 9th"]
[Site "Dhaka"]
[Date "2021.04.03"]
[Round "7.6"]
[White "Mohammad, Minhaz Uddin"]
[Black "Abdul, Momin"]
[Result "1-0"]
[WhiteElo "2281"]
[BlackElo "1944"]
[PlyCount "99"]
[EventDate "2021.04.02"]
[EventType "swiss (rapid)"]
[EventRounds "9"]
[EventCountry "BAN"]
[SourceTitle "CBM 201 Extra"]
[Source "ChessBase"]
[SourceDate "2021.05.31"]
[SourceVersion "1"]
[SourceVersionDate "2021.05.31"]
[SourceQuality "1"]

1. e4 c5 2. Nf3 e6 3. d4 cxd4 4. Nxd4 Nf6 5. Nc3 a6 6. e5 Ng8 7. Bf4 Ne7 8. Bg3 Ng6 9. Bd3 Qb6 10. Nb3 Bb4 11. 0-0 Bxc3 12. bxc3 Qc7 13. c4 b6 14. a4 Nc6 15. Re1 h5 16. Bxg6 fxg6 17. Qd3 Ne7 18. Bh4 Nf5 19. Bg5 0-0 20. a5 Rf7 21. axb6 Qxb6 22. Be3 Nxe3 23. Qxe3 Qxe3 24. Rxe3 Rf4 25. Na5 Rb8 26. g3 Rd4 27. h4 Kf7 28. Kf1 Rb2 29. Rc3 g5 30. hxg5 h4 31. gxh4 Rxh4 32. Ke2 Re4+ 33. Kd2 Rxe5 34. Nb3 Rf5 35. Kc1 Rxb3 36. Rxb3 Ke7 37. Rb8 Rc5 38. Ra4 Kd6 39. g6 Kc7 40. Rb3 Rf5 41. c5 Rxf2 42. Rg3 Kd8 43. Rh4 Ke7 44. Rh8 Bb7 45. Rg8 Be4 46. Rxg7+ Kd8 47. Rg8+ Ke7 48. g7 Rxc2+ 49. Kd1 Rxc5 50. Rh8 1-0

[Event "BAN Games Rapid 9th"]
[Site "Dhaka"]
[Date "2021.04.02"]
[Round "6.8"]
[White "Abdul, Momin"]
[Black "Rahman, Tahmidur"]
[Result "1/2-1/2"]
[WhiteElo "1944"]
[BlackElo "2189"]
[PlyCount "93"]
[EventDate "2021.04.02"]
[EventType "swiss (rapid)"]
[EventRounds "9"]
[EventCountry "BAN"]
[SourceTitle "CBM 201 Extra"]
[Source "ChessBase"]
[SourceDate "2021.05.31"]
[SourceVersion "1"]
[SourceVersionDate "2021.05.31"]
[SourceQuality "1"]

1. e4 c5 2. Nf3 Nc6 3. d4 cxd4 4. Nxd4 e5 5. Nb5 d6 6. N1c3 a6 7. Na3 b5 8. Nd5 Nge7 9. c3 Nxd5 10. Qxd5 Bb7 11. Nc2 Qc7 12. Qd3 Ne7 13. Ne3 Rd8 14. c4 bxc4 15. Qxc4 Qb8 16. Qa4+ Bc6 17. Qxa6 Qb4+ 18. Bd2 Qxb2 19. Rc1 Ra8 20. Qd3 Qd4 21. Qb3 Qa4 22. Qb6 Bd7 23. Bc4 Nc8 24. Qb2 Be7 25. Bd5 Ra7 26. 0-0 0-0 27. Rc4 Qa6 28. Rfc1 Nb6 29. Rb4 Na4 30. Qa3 Nc5 31. Qxa6 Rxa6 32. Rcb1 Be6 33. Rb8 g6 34. Rxf8+ Kxf8 35. Rb8+ Kg7 36. Bb4 Bxd5 37. Nxd5 Rxa2 38. f3 Bh4 39. g3 Bg5 40. Bxc5 dxc5 41. f4 exf4 42. gxf4 Bh4 43. Rc8 Bf2+ 44. Kh1 h5 45. e5 h4 46. Nf6 h3 47. Rg8+ 1/2-1/2

[Event "Dhaka Bangabandhu op-B"]
[Site "Dhaka"]
[Date "2021.03.15"]
[Round "7"]
[White "Abdul, Momin"]
[Black "Jodunath, Biswas"]
[Result "0-1"]
[WhiteElo "1952"]
[BlackElo "1804"]
[PlyCount "158"]
[EventDate "2021.03.09"]
[EventType "swiss"]
[EventRounds "9"]
[EventCountry "BAN"]
[SourceTitle "CBM 201 Extra"]
[Source "ChessBase"]
[SourceDate "2021.05.31"]
[SourceVersion "1"]
[SourceVersionDate "2021.05.31"]
[SourceQuality "1"]

1. e4 e5 2. Nf3 d6 3. Bc4 Be7 4. 0-0 c5 5. c3 Nf6 6. Re1 0-0 7. h3 Qc7 8. Bb3 b6 9. d4 Bb7 10. Bc2 Nbd7 11. Nbd2 Rac8 12. d5 Rfe8 13. c4 Bf8 14. Nf1 g6 15. Be3 Bg7 16. Qd2 Ba6 17. b3 b5 18. Bd3 bxc4 19. bxc4 Rb8 20. Bh6 Nh5 21. Bxg7 Kxg7 22. g3 Nb6 23. Ne3 Bc8 24. Kg2 Kh8 25. Nh4 Qe7 26. Kh2 Qg5 27. Rab1 Bd7 28. Nf3 Qh6 29. Ng4 Qxd2 30. Nxd2 f5 31. exf5 gxf5 32. Nh6 e4 33. Nf7+ Kg7 34. Be2 e3 35. fxe3 Nf6 36. Nxd6 Rxe3 37. Bf1 Rxe1 38. Rxe1 Na4 39. Nb3 Rb6 40. Re7+ Kg8 41. Nb5 Bxb5 42. cxb5 Nc3 43. Nxc5 Nxb5 44. a4 Nd4 45. Rb7 Kf8 46. Bc4 Rxb7 47. Nxb7 Ke7 48. Kg2 Ne4 49. Bd3 Nc3 50. d6+ Kd7 51. Kf2 Nd5 52. a5 Kc6 53. a6 h6 54. Bc4 Nb6 55. Bf7 Kd7 56. Ke3 Ne6 57. Bxe6+ Kxe6 58. Kd4 h5 59. Kc5 Nd7+ 60. Kc6 Nb8+ 61. Kc5 Nxa6+ 62. Kb5 Nb8 63. h4 Kd5 64. Nc5 Kxd6 65. Nd3 Nd7 66. Nf4 Nf6 67. Ka6 Ke5 68. Kxa7 Ke4 69. Ne6 Kf3 70. Ng7 Kg4 71. Kb6 Ne4 72. Kc6 Nxg3 73. Kd5 f4 74. Ne8 f3 75. Nd6 f2 76. Nc4 Kxh4 77. Ne3 f1Q 78. Nxf1 Nxf1 79. Ke4 Kg3 0-1

[Event "BAN-chT 1st League"]
[Site "Dhaka"]
[Date "2021.02.25"]
[Round "1.3"]
[White "Mohammad, Javed"]
[Black "Abdul, Momin"]
[Result "1/2-1/2"]
[WhiteElo "2191"]
[BlackElo "1952"]
[PlyCount "43"]
[EventDate "2021.02.25"]
[EventType "team-tourn"]
[EventRounds "11"]
[EventCountry "BAN"]
[SourceTitle "EXT 2022"]
[Source "ChessBase"]
[SourceDate "2021.10.06"]
[SourceVersion "1"]
[SourceVersionDate "2021.10.06"]
[SourceQuality "1"]
[WhiteTeam "Manha's Castle"]
[BlackTeam "Khelaghor Daba Sangah"]
[WhiteTeamCountry "BAN"]
[BlackTeamCountry "BAN"]

1. e4 c5 2. Nf3 d6 3. d4 cxd4 4. Nxd4 Nf6 5. Nc3 a6 6. h3 e6 7. g4 b5 8. Bg2 Bb7 9. g5 b4 10. gxf6 bxc3 11. fxg7 Bxg7 12. bxc3 Qc7 13. Qd3 Nd7 14. 0-0 Nc5 15. Qc4 Rc8 16. Rb1 Rg8 17. Kh1 Bf6 18. Ba3 Bxe4 19. Bxe4 Nxe4 20. Qa4+ Qd7 21. Qxd7+ Kxd7 22. Rb7+ 1/2-1/2

[Event "Dhaka Chowdhury Memorial Rating"]
[Site "Dhaka"]
[Date "2019.05.09"]
[Round "6"]
[White "Ahmed, Sk Nasir"]
[Black "Abdul, Momin"]
[Result "1-0"]
[WhiteElo "2170"]
[BlackElo "2009"]
[PlyCount "63"]
[EventDate "2019.05.04"]
[EventType "swiss"]
[EventRounds "9"]
[EventCountry "BAN"]
[SourceTitle "CBM 190 Extra"]
[Source "ChessBase"]
[SourceDate "2019.07.15"]
[SourceVersion "1"]
[SourceVersionDate "2019.07.15"]
[SourceQuality "1"]

1. e4 c5 2. Nf3 d6 3. g3 Nf6 4. Nc3 a6 5. a4 Nc6 6. Bg2 Bg4 7. h3 Bh5 8. d3 e6 9. Ne2 Be7 10. 0-0 Ne5 11. Nh2 h6 12. f4 Nc6 13. Nf3 d5 14. e5 Nd7 15. g4 Bg6 16. Ng3 Qb6 17. a5 Nxa5 18. f5 Bh7 19. Nh5 0-0 20. f6 gxf6 21. Qd2 Kh8 22. exf6 c4+ 23. d4 Nxf6 24. Nxf6 Bxf6 25. Rxa5 Bg7 26. Ra1 e5 27. Qa5 Qa7 28. Qxd5 exd4 29. Ne5 d3+ 30. Kh1 Rad8 31. Nxf7+ Rxf7 32. Qxd8+ 1-0

[Event "Dhaka Chowdhury Memorial Rating"]
[Site "Dhaka"]
[Date "2019.05.07"]
[Round "4"]
[White "Abdul, Momin"]
[Black "Md, Sharif Hossain"]
[Result "1-0"]
[WhiteElo "2009"]
[BlackElo "2104"]
[PlyCount "105"]
[EventDate "2019.05.04"]
[EventType "swiss"]
[EventRounds "9"]
[EventCountry "BAN"]
[SourceTitle "CBM 190 Extra"]
[Source "ChessBase"]
[SourceDate "2019.07.15"]
[SourceVersion "1"]
[SourceVersionDate "2019.07.15"]
[SourceQuality "1"]

1. e4 c5 2. Nf3 Nc6 3. d4 cxd4 4. Nxd4 Nf6 5. Nc3 e5 6. Ndb5 d6 7. Bg5 a6 8. Na3 b5 9. Nd5 Be7 10. Nxe7 Nxe7 11. Bxf6 gxf6 12. Qf3 f5 13. exf5 Bxf5 14. Bd3 Bxd3 15. Qxd3 Qc7 16. 0-0-0 Rd8 17. f4 f5 18. fxe5 dxe5 19. Qb3 Rxd1+ 20. Rxd1 Rg8 21. Qh3 Qc6 22. g3 Qg6 23. c4 Kf7 24. Qh4 b4 25. Nc2 b3 26. axb3 h6 27. Nb4 Rb8 28. Rd7 Re8 29. Ra7 Qg5+ 30. Qxg5 hxg5 31. Nd5 Kf8 32. Nf6 Nc6 33. Rxa6 Rc8 34. Nh7+ Ke7 35. Nxg5 e4 36. Nh3 Nd4 37. Nf4 Kd7 38. h4 e3 39. Nd5 Nxb3+ 40. Kd1 Rb8 41. Rb6 Rxb6 42. Nxb6+ Ke6 43. Nd5 Ke5 44. h5 Nd4 45. h6 e2+ 46. Ke1 Ke4 47. Nf4 Ke3 48. Nxe2 Nxe2 49. h7 Nxg3 50. h8Q f4 51. Qc3+ Ke4 52. Kf2 Kf5 53. Qxg3 1-0

[Event "Dhaka Chowdhury Memorial Rating"]
[Site "Dhaka"]
[Date "2019.05.05"]
[Round "2"]
[White "Abdul, Momin"]
[Black "Hossain, Enamul"]
[Result "0-1"]
[WhiteElo "2009"]
[BlackElo "2442"]
[PlyCount "98"]
[EventDate "2019.05.04"]
[EventType "swiss"]
[EventRounds "9"]
[EventCountry "BAN"]
[SourceTitle "CBM 190 Extra"]
[Source "ChessBase"]
[SourceDate "2019.07.15"]
[SourceVersion "1"]
[SourceVersionDate "2019.07.15"]
[SourceQuality "1"]

1. e4 c5 2. Nf3 e6 3. d4 cxd4 4. Nxd4 a6 5. a3 Nf6 6. Nc3 Qc7 7. Be2 b5 8. 0-0 Bb7 9. Qd3 d6 10. f4 Nbd7 11. Bf3 Be7 12. Kh1 0-0 13. Re1 Rad8 14. b3 Rfe8 15. Bb2 Bf8 16. Qd2 Nc5 17. b4 e5 18. Nf5 Ncd7 19. Rac1 Nb6 20. fxe5 dxe5 21. Qg5 Nc4 22. Ba1 Bc8 23. Nd5 Nxd5 24. exd5 f6 25. Qh5 g6 26. Nh6+ Kh8 27. Qh4 Bg7 28. a4 Nd2 29. axb5 axb5 30. Red1 Nxf3 31. gxf3 Bb7 32. c4 Bxh6 33. Qxh6 bxc4 34. Qh4 Bxd5 35. Qxf6+ Kg8 36. Rf1 Re6 37. Qg5 Rf8 38. Kg2 Qc6 39. Qg3 e4 40. f4 e3+ 41. Kg1 e2 42. Rfe1 Qb6+ 43. Qf2 Qxf2+ 44. Kxf2 Rxf4+ 45. Kg3 Rf3+ 46. Kg4 h5+ 47. Kg5 Rf5+ 48. Kh4 Re4+ 49. Kh3 Rf3+ 0-1